[Event "chess.com SpeedChess Q2Sw"]
[Site "chess.com INT"]
[Date "2022.11.12"]
[Round "2"]
[White "Omariev, Maksim"]
[Black "Rohith, Krishna S"]
[Result "1-0"]
[WhiteTitle "FM"]
[BlackTitle "FM"]
[WhiteElo "2304"]
[BlackElo "2380"]
[WhiteFideId "4193423"]
[BlackFideId "46617051"]
[EventDate "2022.11.12"]

1. g4 d5 2. Bg2 Bxg4 3. c4 c6 4. Qb3 Nf6 5. Qxb7 Nbd7 6. d4 e6 7. Nc3 Be7 8. h3
Bh5 9. Nf3 O-O 10. Bf4 dxc4 11. e4 Qa5 12. O-O Qb6 13. Qxb6 axb6 14. a4 Bb4 15.
Nd2 Bxc3 16. bxc3 b5 17. axb5 cxb5 18. Rfb1 Rxa1 19. Rxa1 Nb6 20. Ra5 Na4 21.
Nb1 Bg6 22. f3 Nd5 23. exd5 Bxb1 24. d6 Nxc3 25. Bd2 Ne2+ 26. Kf2 Nxd4 27. Bc3
e5 28. f4 Nb3 29. Rxb5 e4 30. Ke3 Rd8 31. Bb4 f5 32. Rxf5 Rb8 33. Bc3 Rd8 34.
Rd5 Kf7 35. Bxe4 Re8 36. Be5 Bxe4 37. Kxe4 Ke6 38. Rb5 Ra8 39. Rb4 Ra2 40. Bc3
Rc2 41. Rxc4 Kxd6 42. Kd3 Rc1 43. Be5+ Kd5 44. Rxc1 Nxc1+ 45. Kd2 Nb3+ 46. Kc3
Nc5 47. Bxg7 Ne6 48. Be5 Ke4 49. Kc4 Kf3 50. Kd5 Nf8 51. Kd6 Ke4 52. Ke7 Ng6+
53. Kf6 Nh4 54. Kg5 Nf3+ 55. Kh6 Ng1 56. h4 Nf3 57. h5 Kf5 58. Kxh7 Nh4 59. h6 1-0

[Event "chess.com SpeedChess Q2Sw"]
[Site "chess.com INT"]
[Date "2022.11.12"]
[Round "2"]
[White "Costello, Alexander"]
[Black "Srihari, L R"]
[Result "1-0"]
[WhiteTitle "IM"]
[BlackTitle "IM"]
[WhiteElo "2224"]
[BlackElo "2436"]
[WhiteFideId "2099659"]
[BlackFideId "46617116"]
[EventDate "2022.11.12"]

1. Nf3 c5 2. c3 Nc6 3. d4 cxd4 4. cxd4 d5 5. Nc3 Nf6 6. Bf4 a6 7. Rc1 e6 8. e3
Bd6 9. Bg3 O-O 10. Bd3 h6 11. O-O Re8 12. Ne2 Qe7 13. Ne5 Bxe5 14. dxe5 Nh5 15.
Nd4 Nxg3 16. Nxc6 bxc6 17. hxg3 c5 18. Bb1 g6 19. Qg4 Kg7 20. b3 Bd7 21. Bd3
Rec8 22. Rc2 Bb5 23. Rd1 Qg5 24. Qf4 Rc7 25. Bf1 Rac8 26. Rdc1 Bxf1 27. Kxf1
Qxf4 28. gxf4 g5 29. g3 Kg6 30. Ke2 a5 31. Kf3 h5 32. e4 d4 33. Rc4 f6 34. exf6
Kxf6 35. Rh1 Kg6 36. Rhc1 Rc6 37. Ra4 gxf4 38. gxf4 Kf6 39. Rxa5 c4 40. Rxc4
Rxc4 41. bxc4 Rxc4 42. Rxh5 Ra4 43. e5+ Kg7 44. Rg5+ Kf7 45. f5 exf5 46. Rxf5+
Ke6 47. Kg4 d3+ 48. f4 Rd4 49. Rf6+ Ke7 50. Rd6 Rxd6 51. exd6+ Kxd6 52. Kf3 d2
53. Ke2 Ke6 54. Kxd2 Kf5 55. a4 Kxf4 56. a5 1-0

[Event "chess.com SpeedChess Q2Sw"]
[Site "chess.com INT"]
[Date "2022.11.12"]
[Round "2"]
[White "Csonka, Balazs"]
[Black "Eynullayev, Altay"]
[Result "1-0"]
[WhiteTitle "IM"]
[BlackTitle "FM"]
[WhiteElo "2497"]
[BlackElo "2214"]
[WhiteFideId "742910"]
[BlackFideId "13413562"]
[EventDate "2022.11.12"]

1. e4 c5 2. Nf3 Nc6 3. Nc3 e6 4. d4 cxd4 5. Nxd4 a6 6. Qd3 Qc7 7. Nxc6 bxc6 8.
Qg3 Qxg3 9. hxg3 d5 10. Na4 Bb7 11. Bf4 Nf6 12. exd5 Nxd5 13. Bd2 Be7 14. O-O-O
O-O 15. c4 Nf6 16. f3 Rad8 17. g4 Nd7 18. Ba5 Bg5+ 19. Kc2 Ne5 20. Bxd8 Bxd8 21.
Be2 Bf6 22. f4 Ng6 23. g3 e5 24. g5 Bd8 25. Nc5 Bc8 26. Bd3 exf4 27. gxf4 f5 28.
gxf6 Bxf6 29. Bxg6 hxg6 30. Nd7 Re8 31. Nxf6+ gxf6 32. Rhe1 Bf5+ 33. Kc3 Rf8 34.
Rd6 c5 35. Rxa6 Rd8 36. Re3 Kf7 37. a3 Rd1 38. b4 Rc1+ 39. Kb3 Rb1+ 40. Ka2 cxb4
41. Ra7+ Kf8 42. Ra8+ Kf7 43. Ra7+ Kf8 44. axb4 Rxb4 45. Rc7 Rb1 46. c5 Rb4 47.
c6 Rxf4 48. Ra3 Re4 49. Ra8+ Re8 50. Rxe8+ Kxe8 51. Rg7 Kd8 52. Ka3 Be4 53. c7+
Kc8 54. Kb4 Bf5 55. Kc5 Kb7 56. Kd6 g5 57. Rf7 Bc8 58. Rxf6 Bh3 59. Rf2 1-0

[Event "chess.com SpeedChess Q2Sw"]
[Site "chess.com INT"]
[Date "2022.11.12"]
[Round "2"]
[White "Lazavik, Denis"]
[Black "Parkhov, Yair"]
[Result "1-0"]
[WhiteTitle "IM"]
[BlackTitle "IM"]
[WhiteElo "2529"]
[BlackElo "2470"]
[WhiteFideId "13515110"]
[BlackFideId "2813408"]
[EventDate "2022.11.12"]

1. d4 Nf6 2. c4 e6 3. Nf3 d5 4. g3 Be7 5. Bg2 O-O 6. O-O dxc4 7. Qc2 b5 8. a4 b4
9. Nbd2 Bb7 10. Nxc4 c5 11. dxc5 Na6 12. Rd1 Qc7 13. Bf4 Qxc5 14. Rac1 Rfd8 15.
Nfe5 Bxg2 16. Kxg2 Rxd1 17. Rxd1 Nd5 18. Qe4 b3 19. Be3 Qc7 20. Bd4 Nc5 21. Bxc5
Qxc5 22. Rd3 Rc8 23. Nd2 Qc2 24. Nxb3 Qxb2 25. Nd4 Bf6 26. Ndf3 h6 27. Ng4 Be7
28. Nge5 Rc2 29. Nd4 Rc8 30. Nxf7 Qb6 31. Nxh6+ Kf8 32. Ng4 Kf7 33. Ne5+ Kg8 34.
Qg6 Bf6 35. Qf7+ Kh7 36. Ndf3 Rc7 37. Qh5+ Kg8 38. Ng4 Re7 39. Nxf6+ Nxf6 40.
Qg6 Qc7 41. h4 Rd7 42. Rxd7 Qxd7 43. Qc2 e5 44. Nxe5 Qd5+ 45. Nf3 Ne4 46. Qc8+
Kf7 47. Qg4 Nf6 48. Qf4 Qc5 49. Ng5+ Kg6 50. Qf3 Qd5 51. Qxd5 Nxd5 52. Ne4 Nb4
53. Nc5 Nc6 54. f4 Nd4 55. Kf2 Nc2 56. e4 Nd4 57. Ke3 Nc6 58. g4 Nb4 59. f5+ Kf6
60. Kf4 Ke7 61. e5 Nd5+ 62. Kg5 Nc3 63. Kg6 Nd5 64. Kxg7 Ne3 65. f6+ Kd8 66. f7
Nf5+ 67. gxf5 Kc7 68. f8=Q Kb6 69. Qd6+ Ka5 70. Qd4 a6 71. Nb3# 1-0

[Event "chess.com SpeedChess Q2Sw"]
[Site "chess.com INT"]
[Date "2022.11.12"]
[Round "2"]
[White "Sreyas, Payyappat"]
[Black "Demidov, Mikhail"]
[Result "0-1"]
[WhiteTitle "FM"]
[BlackTitle "GM"]
[WhiteElo "2145"]
[BlackElo "2568"]
[WhiteFideId "46674969"]
[BlackFideId "4197143"]
[EventDate "2022.11.12"]

1. e4 Nf6 2. e5 Nd5 3. d4 d6 4. c4 Nb6 5. exd6 cxd6 6. Nc3 g6 7. Nf3 Bg7 8. b3
Bg4 9. Be2 Nc6 10. Bb2 O-O 11. d5 Bxf3 12. Bxf3 Ne5 13. O-O a5 14. a4 Nbd7 15.
Rb1 Nc5 16. Ne4 Ncd3 17. Bc3 h6 18. Be2 Nf4 19. Qd2 g5 20. g3 Nxe2+ 21. Qxe2 f5
22. Nd2 f4 23. Bxe5 Bxe5 24. Nf3 Bg7 25. Qe6+ Kh8 26. Rbe1 fxg3 27. fxg3 Qb6+
28. Qe3 Qxe3+ 29. Rxe3 Bf6 30. Kg2 Kg7 31. Re6 Rf7 32. Nd2 Raf8 33. Ne4 Bd4 34.
Rd1 Bb2 35. Rd2 Ba1 36. c5 dxc5 37. Nxc5 Bc3 38. Rde2 Bb4 39. Nd3 Bd6 40. Nb2
Rf3 41. Nc4 Bb4 42. d6 exd6 43. Re7+ R8f7 44. Nb6 Rxb3 45. Nd5 Bc5 46. Rxf7+
Kxf7 47. Re7+ Kf8 48. Rh7 g4 49. Rxh6 Rb2+ 50. Kf1 b5 51. Rh8+ Kg7 52. Rb8 Rf2+
53. Ke1 bxa4 54. Rb7+ Kg6 55. Nf4+ Kh6 56. Nd3 Rxh2 57. Nxc5 dxc5 58. Rb6+ Kg7
59. Ra6 a3 60. Rxa5 a2 61. Kf1 a1=Q+ 62. Rxa1 Rh1+ 63. Kg2 Rxa1 0-1

[Event "chess.com SpeedChess Q2Sw"]
[Site "chess.com INT"]
[Date "2022.11.12"]
[Round "2"]
[White "McCoy, Owen"]
[Black "Yeletsky, Ivan"]
[Result "0-1"]
[BlackTitle "FM"]
[WhiteElo "2085"]
[BlackElo "2491"]
[WhiteFideId "30924502"]
[BlackFideId "24180327"]
[EventDate "2022.11.12"]

1. e4 Nf6 2. e5 Nd5 3. d4 d6 4. Nf3 dxe5 5. Nxe5 c6 6. Bc4 Nd7 7. f4 N7f6 8. O-O
g6 9. Nc3 Bg7 10. Ne2 O-O 11. Ng3 e6 12. c3 Qc7 13. Qf3 c5 14. Bd2 b6 15. Qf2
Bb7 16. dxc5 bxc5 17. Rae1 Rad8 18. Bc1 Qc8 19. Be2 Ne7 20. c4 Nf5 21. Nxf5 exf5
22. Bf3 Bxf3 23. gxf3 Nd7 24. Be3 Nxe5 25. fxe5 Bxe5 26. Bxc5 Bxb2 27. Rd1 Rfe8
28. Bxa7 Rxd1 29. Rxd1 Qxc4 30. Qxb2 Qa4 31. Qd4 Qxa2 32. Rd2 Qb3 33. Kg2 h5 34.
Qd3 Qe6 35. Bf2 Qf6 36. Rd1 Qg5+ 37. Kh1 Qf4 38. Bg3 Qg5 39. Re1 Rxe1+ 40. Bxe1
Qc1 41. Qe2 Qg5 42. Bf2 Qf6 43. Qe8+ Kg7 44. Qd7 Qa1+ 45. Kg2 Qb2 46. h4 Kg8 47.
Qd8+ Kg7 48. Kg3 Qe5+ 49. Kh3 Qe6 50. Bd4+ f6 51. Qc7+ Kg8 52. Qd8+ Kf7 53. Bf2
f4+ 54. Kg2 Qf5 55. Qc7+ Kg8 56. Qc5 Qxc5 57. Bxc5 Kf7 58. Bb6 g5 59. Bc7 Kg6
60. Kh3 Kf5 61. Bd8 Kg6 62. Kg2 Kf5 63. Be7 Kg6 64. Kf2 Kf5 65. Bd6 Kg6 66. Bc7
Kf5 67. Ke2 Kg6 68. Kd3 Kf5 69. Kd4 gxh4 70. Kd3 h3 71. Ke2 h2 0-1

[Event "chess.com SpeedChess Q2Sw"]
[Site "chess.com INT"]
[Date "2022.11.12"]
[Round "2"]
[White "Kravtsiv, Martyn"]
[Black "Shimanov, Aleksandr"]
[Result "1-0"]
[WhiteTitle "GM"]
[BlackTitle "GM"]
[WhiteElo "2598"]
[BlackElo "2581"]
[WhiteFideId "14113147"]
[BlackFideId "4198603"]
[EventDate "2022.11.12"]

1. e4 d5 2. exd5 Qxd5 3. Nc3 Qe5+ 4. Be2 Bg4 5. d4 Bxe2 6. Ngxe2 Qa5 7. b4 Qh5
8. Qd3 e6 9. Nf4 Qf5 10. Qxf5 exf5 11. Nfd5 Kd7 12. b5 Bd6 13. O-O c6 14. bxc6+
Nxc6 15. Rb1 Rb8 16. Nb5 Re8 17. Nxd6 Kxd6 18. Ne3 Nge7 19. Rxb7 Rb8 20. Ba3+
Ke6 21. Rfb1 Rxb7 22. Rxb7 f4 23. d5+ Nxd5 24. Nxd5 Kxd5 25. Rxf7 g5 26. Rf5+
Ke6 27. Rxg5 Rd8 28. h4 Nd4 29. Ra5 Nxc2 30. Ra6+ Kf5 31. Rxa7 Rd1+ 32. Kh2 Rd2
33. Ra5+ Ke6 34. Ra6+ Kf5 35. Ra5+ Ke6 36. Bc5 Ne1 37. a4 Nd3 38. Bb6 Rb2 39.
Rb5 Ra2 40. a5 Ne5 41. Rb4 Kf5 42. Kh3 Ra3+ 43. g3 fxg3 44. fxg3 h5 45. Rf4+ Kg6
46. Re4 Ng4 47. Rxg4+ hxg4+ 48. Kxg4 Ra4+ 49. Kf3 Kf5 50. Bc7 Ra3+ 51. Ke2 Ke4
52. Kd2 Kd4 53. h5 Ra2+ 54. Kc1 Kc3 55. Be5+ Kc4 56. h6 Rh2 57. Bf4 Kb5 58. g4
Rh4 59. g5 Rxf4 60. h7 Rc4+ 61. Kd2 Rg4 62. h8=Q Rxg5 63. Qe8+ Kc4 64. Qc6+ Rc5
65. Qa4+ Kd5 66. a6 Rc6 67. Qa2+ Kc5 68. a7 Rd6+ 69. Kc3 Kb6 70. Qa3 Rc6+ 71.
Kb3 Rc5 72. a8=Q Rb5+ 73. Ka2 Rb3 74. Qxb3+ 1-0

[Event "chess.com SpeedChess Q2Sw"]
[Site "chess.com INT"]
[Date "2022.11.12"]
[Round "2"]
[White "Matamoros Franco, Carlos S."]
[Black "Sellitti, Federico"]
[Result "0-1"]
[WhiteTitle "GM"]
[WhiteElo "2451"]
[BlackElo "2176"]
[WhiteFideId "3600017"]
[BlackFideId "821829"]
[EventDate "2022.11.12"]

1. c4 c5 2. g3 Nc6 3. Bg2 g6 4. Nc3 Bg7 5. a3 a6 6. Rb1 Rb8 7. b4 cxb4 8. axb4
b5 9. cxb5 axb5 10. Nf3 Nf6 11. d4 d5 12. Bf4 Rb6 13. Ne5 O-O 14. O-O Bf5 15.
Nxc6 Rxc6 16. Rc1 Qd7 17. Be5 Rfc8 18. Qd2 Ne4 19. Nxe4 dxe4 20. Bxg7 Kxg7 21.
e3 Rc4 22. Qb2 Bh3 23. d5+ f6 24. Rxc4 Rxc4 25. Bxh3 Qxh3 26. Rd1 Qd7 27. Rd4
Qd6 28. Rxc4 bxc4 29. b5 Qxd5 30. b6 Qb7 31. Qb4 c3 32. Qxc3 Qxb6 33. Qc4 Qb7
34. Qe6 h5 35. h4 Kf8 36. Kg2 Kg7 37. Kg1 f5 38. Kg2 Qc7 39. Kg1 Qd6 40. Qc4 Qf6
41. Qc7 g5 42. hxg5 Qxg5 43. Qe5+ Qf6 44. Qc7 h4 45. gxh4 Qxh4 46. Kf1 Qh1+ 47.
Ke2 Qh5+ 48. Ke1 Qf7 49. Qe5+ Qf6 50. Qg3+ Kf7 51. Qc7 Qa1+ 52. Ke2 Qb2+ 53. Kf1
Qf6 54. Ke2 Kg6 55. Ke1 e6 56. Qg3+ Qg5 57. Qd6 Qf6 58. Qg3+ Kf7 59. Qc7+ Qe7
60. Qe5 Qb4+ 61. Kf1 Qb7 62. Qh2 Qe7 63. Qh7+ Ke8 64. Qg8+ Kd7 65. Qg3 Qd6 66.
Qg7+ Kc6 67. Qc3+ Qc5 68. Qf6 Qd5 69. Qc3+ Kd6 70. Qb4+ Qc5 71. Qb2 Kd5 72. Qd2+
Kc4 73. Qb2 Qb4 74. Qc2+ Qc3 75. Qa4+ Kc5 76. Qd7 Qd3+ 77. Qxd3 exd3 78. Ke1 Kc4
79. Kd2 e5 80. Kd1 Kc3 81. f3 d2 82. f4 e4 83. Ke2 Kc2 0-1

[Event "chess.com SpeedChess Q2Sw"]
[Site "chess.com INT"]
[Date "2022.11.12"]
[Round "2"]
[White "Meier, Georg"]
[Black "Shaik, Sumer Arsh"]
[Result "1-0"]
[WhiteTitle "GM"]
[BlackTitle "CM"]
[WhiteElo "2615"]
[BlackElo "2290"]
[WhiteFideId "4675789"]
[BlackFideId "45020000"]
[EventDate "2022.11.12"]

1. Nf3 d5 2. d4 Nf6 3. c4 e6 4. Nc3 Bb4 5. Bg5 h6 6. Bxf6 Qxf6 7. e3 O-O 8. Rc1
dxc4 9. Bxc4 Nc6 10. O-O Bxc3 11. Rxc3 e5 12. d5 Ne7 13. Qc2 Bg4 14. Nd2 Rad8
15. h3 Bf5 16. e4 Bc8 17. Bb5 c6 18. dxc6 bxc6 19. Be2 Ng6 20. Re1 Nf4 21. Nf1
Qg5 22. Rg3 Qf6 23. Bg4 Bxg4 24. Rxg4 h5 25. Rg3 h4 26. Rg4 g6 27. Nh2 Rd6 28.
Nf3 Nxh3+ 29. Kf1 Rfd8 30. Rxh4 Ng5 31. Nxg5 Qxg5 32. Rh3 Rd2 33. Qc3 Rd1 34.
Rf3 Rxe1+ 35. Qxe1 Qh4 36. Kg1 Kg7 37. Rh3 Qf4 38. Re3 Rh8 39. g3 Qh6 40. Kf1
Qh5 41. Kg2 Qh3+ 42. Kf3 Qh5+ 43. Kg2 Qh3+ 44. Kf3 Rd8 45. Qc3 Qh5+ 46. Kg2 Rd1
47. Re1 Rd4 48. Qf3 Qg5 49. Qe3 Qh5 50. Re2 Rd6 51. Qf3 Qg5 52. Rc2 Rf6 53. Qe2
Qh6 54. Rc5 Qg5 55. b3 Re6 56. Qe3 Qf6 57. Qf3 Qe7 58. Qc3 Qd6 59. b4 f6 60. a3
a6 61. Qc4 Re7 62. Ra5 Ra7 63. Rxa6 Rc7 64. Ra5 Rc8 65. Rc5 Rh8 66. Rxc6 Qd1 67.
Rc7+ Kh6 68. Qc1+ Qxc1 69. Rxc1 g5 70. b5 Kg6 71. a4 Ra8 72. Ra1 Kf7 73. b6 Ke6
74. a5 Kd6 75. b7 Ra7 76. a6 Kc7 77. Rc1+ Kb8 78. Rc8# 1-0

[Event "chess.com SpeedChess Q2Sw"]
[Site "chess.com INT"]
[Date "2022.11.12"]
[Round "2"]
[White "Rustemov, Alexander"]
[Black "Tabatabaei, M. Amin"]
[Result "0-1"]
[WhiteTitle "GM"]
[BlackTitle "GM"]
[WhiteElo "2525"]
[BlackElo "2655"]
[WhiteFideId "4119002"]
[BlackFideId "12521213"]
[EventDate "2022.11.12"]

1. d4 d5 2. c4 e6 3. Nc3 Nf6 4. cxd5 exd5 5. Bg5 c6 6. e3 Bf5 7. Qf3 Bg6 8. Bxf6
Qxf6 9. Qxf6 gxf6 10. h4 h5 11. Nge2 Nd7 12. Nf4 Bd6 13. g3 a5 14. Rc1 a4 15. f3
Nb6 16. Kf2 Ke7 17. Be2 Bxf4 18. gxf4 Rhd8 19. Rhd1 f5 20. Rb1 Nc8 21. Rdc1 Nd6
22. Bd1 a3 23. b3 b5 24. Be2 Kd7 25. Bd3 Rdc8 26. Ne2 b4 27. Rc2 Rc7 28. Rbc1
Rac8 29. Ng3 Ra8 30. Be2 Ra5 31. Nh1 Nb7 32. Ke1 c5 33. Nf2 c4 34. bxc4 Nd6 35.
c5 Nc4 36. Bxc4 dxc4 37. Rxc4 Rb5 38. Rb1 b3 39. Rxb3 Rxb3 40. axb3 Ra7 41. Rc1
f6 42. Kd2 Bf7 43. Kc3 a2 44. Ra1 Ra3 45. Nd3 Rxb3+ 46. Kc2 Bc4 47. Nb2 Bg8 48.
Rxa2 Rxe3 49. Ra7+ Kc6 50. Nd3 Rxf3 51. Nb4+ Kb5 52. Rb7+ Kc4 53. c6 Rc3+ 54.
Kd2 Kxd4 55. Rd7+ Kc4 56. Rb7 Be6 57. c7 Rb3 58. Nc6 Rxb7 59. Na5+ Kb5 60. Nxb7
Kb6 61. Nd8 Bc8 62. Nf7 Kxc7 63. Ke3 Kd7 64. Kd4 Ke7 65. Nh8 Kf8 66. Ng6+ Kf7
67. Nh8+ Kg7 68. Kc5 Kxh8 69. Kd6 Kg7 70. Ke7 Ba6 0-1

[Event "chess.com SpeedChess Q2Sw"]
[Site "chess.com INT"]
[Date "2022.11.12"]
[Round "2"]
[White "Johnson, Donald"]
[Black "Darini, Pouria"]
[Result "0-1"]
[WhiteTitle "FM"]
[BlackTitle "GM"]
[WhiteElo "2232"]
[BlackElo "2405"]
[WhiteFideId "30949122"]
[BlackFideId "12502200"]
[EventDate "2022.11.12"]

1. e4 c5 2. Nf3 Nc6 3. d4 cxd4 4. Nxd4 Nf6 5. Nc3 d6 6. Bg5 e6 7. Qd2 a6 8.
O-O-O Bd7 9. f3 Be7 10. h4 h6 11. Be3 h5 12. Bg5 Ne5 13. Be2 b5 14. a3 Qc7 15.
Qf4 Rb8 16. Qg3 b4 17. axb4 Rxb4 18. f4 Nc6 19. Nxc6 Bxc6 20. e5 dxe5 21. fxe5
Ng4 22. Bxe7 Qxe7 23. Rd6 Qb7 24. Bf3 Rc4 25. Bxc6+ Rxc6 26. Ne4 O-O 27. Qf4
Rfc8 28. Rd2 Rc4 29. Qf3 Qc6 30. Nc3 Nxe5 31. Qxc6 R4xc6 32. Re1 Nc4 33. Rd4
Nxb2 34. Kxb2 Rxc3 35. Re2 R3c4 36. Rd7 Rxh4 37. Rf2 f6 38. Rfd2 e5 39. Rb7 Rhc4
40. Kb1 R8c6 41. Rdd7 Rg4 42. Rd2 e4 43. Rb8+ Kh7 44. Rb3 Re6 45. Rh3 Kg6 46.
Re2 Rg5 47. Rhe3 Rb5+ 48. Kc1 Rbe5 49. Kd2 f5 50. g3 Kg5 51. Kc1 Kg4 52. Rh2 g5
53. Rg2 Rc5 54. Kd2 Rd6+ 55. Kc1 a5 56. Rg1 a4 57. Ra3 Rdc6 58. Rg2 Rc4 59. Kb2
Rb6+ 60. Kc1 Rb5 61. Rg1 Rd5 62. Rg2 Rcd4 63. Rg1 Rd2 64. Kb1 Rf2 65. Rxa4 Rb5+
66. Kc1 Rc5 67. Ra2 Rc3 68. Rb2 Rxg3 69. Rxg3+ Kxg3 70. Rb3+ Rf3 71. Rb2 h4 72.
c4 h3 73. c5 Rc3+ 74. Kb1 Rxc5 75. Ka2 Rc3 76. Rb4 Rf3 77. Rb2 g4 78. Rc2 f4 79.
Kb2 h2 80. Ka2 h1=Q 81. Kb2 Rf2 82. Kb3 Rxc2 83. Ka3 Qb1 84. Ka4 e3 85. Ka3 f3
86. Ka4 f2 87. Ka3 e2 88. Ka4 Kf3 89. Ka3 g3 90. Ka4 g2 91. Ka3 g1=Q 92. Ka4
f1=Q 93. Ka3 e1=Q 94. Ka4 Ke3 95. Ka3 Kd4 96. Ka4 Kc4 97. Ka3 Qec1+ 98. Ka4 Qfd1
99. Ka5 Qge1+ 100. Ka4 Ra2# 0-1

[Event "chess.com SpeedChess Q2Sw"]
[Site "chess.com INT"]
[Date "2022.11.12"]
[Round "2"]
[White "Harshavardhan, G B"]
[Black "Melkumyan, Hrant"]
[Result "1/2-1/2"]
[WhiteTitle "IM"]
[BlackTitle "GM"]
[WhiteElo "2426"]
[BlackElo "2645"]
[WhiteFideId "25059009"]
[BlackFideId "13302485"]
[EventDate "2022.11.12"]

1. d4 d5 2. c4 e6 3. Nc3 c5 4. cxd5 cxd4 5. Qa4+ Bd7 6. Qxd4 exd5 7. Qxd5 Nf6 8.
Qb3 Na6 9. Nf3 Nc5 10. Qc2 Rc8 11. e3 Bd6 12. Be2 O-O 13. O-O Qe7 14. Bd2 Nce4
15. Rfd1 Nxd2 16. Qxd2 Bb4 17. a3 Bxc3 18. bxc3 Be6 19. Qb2 Rc5 20. Nd4 b6 21.
Bf3 Rfc8 22. Rac1 h5 23. h3 Bd7 24. Qb4 Qe5 25. Ne2 Qc7 26. Qh4 Qe5 27. Qd4 Qe7
28. Nf4 Be6 29. Qd6 Qe8 30. Ne2 Bd7 31. Qd4 Rc4 32. Qd6 Bc6 33. Bxc6 R4xc6 34.
Qd3 Rc5 35. Nf4 g6 36. Qd4 Qe7 37. Rd3 Rc4 38. Qd6 Qxd6 39. Rxd6 Kg7 40. Ne2 Ra4
41. Ra1 Ne4 42. Rd3 Nc5 43. Rd4 Ra5 44. Rb4 Na4 45. Rc1 Nc5 46. Ra1 Nd7 47. f3
Ne5 48. Rd4 Rb5 49. Nf4 Rb2 50. Rd5 Nc4 51. Re1 Rc7 52. a4 Ra2 53. Rd4 Rxa4 54.
Nd3 Ra5 55. Nb4 Rac5 56. Kf2 Ne5 57. Re2 a5 58. Nd5 Rb7 59. e4 b5 60. f4 Nc4 61.
e5 Rc6 62. Nf6 Rxf6 63. exf6+ Kxf6 64. Rd5 a4 65. Rc5 a3 66. Ra2 Kg7 67. Ke2
Re7+ 68. Kf2 Rb7 69. Kf3 b4 70. cxb4 Rxb4 71. Rxc4 Rxc4 72. Rxa3 Kh6 73. Re3 f6
74. g4 h4 75. Rd3 Rc1 76. Kg2 Re1 77. Rf3 Re2+ 78. Rf2 Re4 79. Rf3 Ra4 80. Kf2
Kg7 81. Ke3 Kf7 82. Kf2 Ke6 83. f5+ gxf5 84. Rxf5 Ra2+ 85. Kg1 Ra3 86. Kg2 Ra2+
87. Kg1 Ra3 88. Kg2 Ra2+ 89. Kg1 1/2-1/2

[Event "chess.com SpeedChess Q2Sw"]
[Site "chess.com INT"]
[Date "2022.11.12"]
[Round "2"]
[White "Vogel, Roven"]
[Black "Pranav, V"]
[Result "1-0"]
[WhiteTitle "IM"]
[BlackTitle "IM"]
[WhiteElo "2461"]
[BlackElo "2548"]
[WhiteFideId "12908088"]
[BlackFideId "25060783"]
[EventDate "2022.11.12"]

1. d4 Nf6 2. c4 e6 3. Nf3 b6 4. g3 Ba6 5. b3 Bb7 6. Bg2 Bb4+ 7. Bd2 a5 8. O-O
O-O 9. Nc3 d6 10. Qc2 Nbd7 11. Rfe1 Bxc3 12. Bxc3 Be4 13. Qb2 h6 14. Bf1 c5 15.
Nd2 Bb7 16. Rad1 Re8 17. e4 cxd4 18. Bxd4 e5 19. Bc3 Nc5 20. f3 Qc7 21. Nb1 Rad8
22. Qf2 Nh7 23. Bb2 Qc8 24. Nc3 f5 25. Bh3 Rf8 26. Bc1 Qa8 27. Bxf5 Rxf5 28.
exf5 Bxf3 29. Nd5 Bxd5 30. Rxd5 Nf6 31. Rdd1 Qc6 32. Qg2 Qe8 33. Be3 Qh5 34. Rf1
Kh7 35. h3 Qe8 36. g4 Nfe4 37. Rd5 Nc3 38. Rd2 N3e4 39. Rdd1 Nc3 40. Rc1 N3e4
41. Bxc5 Nxc5 42. f6 Nd3 43. Rcd1 Nf4 44. Qe4+ Qg6 45. Qxg6+ Kxg6 46. fxg7 Kxg7
47. Kh2 Kf6 48. Rd2 Ke6 49. Kg3 Rf8 50. Rfd1 Rd8 51. h4 Ng6 52. Rf1 Nf4 53. Rxf4
exf4+ 54. Kxf4 Rf8+ 55. Ke4 Rf1 56. Rg2 Re1+ 57. Kf3 Rf1+ 58. Kg3 a4 59. Re2+
Kd7 60. bxa4 Rc1 61. Rb2 Rxc4 62. Rxb6 Rxa4 63. Rb7+ Ke6 64. Rh7 Ke5 65. Rxh6
Ra3+ 66. Kf2 Kf4 67. g5 Rxa2+ 68. Ke1 Rg2 69. Rxd6 Kg4 70. Rh6 Kf5 71. Kf1 Ra2
72. Rf6+ Kg4 73. Rh6 Kf3 74. Ke1 Ke3 75. Kd1 Kd3 76. Kc1 Rg2 77. g6 Kc3 78. Kd1
Kd3 79. Ke1 Ke4 80. Kf1 Rg4 81. h5 Kf3 82. Rh7 Rh4 83. Ke1 Ke3 84. Kd1 Rg4 85.
Re7+ Kf4 86. g7 Rg1+ 87. Ke2 Kf5 88. h6 Rg2+ 89. Kf3 Rxg7 90. hxg7 Kf6 91. Ra7
Kf5 92. g8=Q Kf6 93. Qg7+ Kf5 94. Ra5+ Ke6 95. Qe5+ Kf7 96. Ra7+ Kg6 97. Rg7+
Kh6 98. Qg5# 1-0

[Event "chess.com SpeedChess Q2Sw"]
[Site "chess.com INT"]
[Date "2022.11.12"]
[Round "3"]
[White "Chernov, Mikhail"]
[Black "Shaik, Sumer Arsh"]
[Result "1-0"]
[WhiteTitle "FM"]
[BlackTitle "CM"]
[WhiteElo "2213"]
[BlackElo "2290"]
[WhiteFideId "24143170"]
[BlackFideId "45020000"]
[EventDate "2022.11.12"]

1. e4 e5 2. Nc3 Nf6 3. Bc4 Nxe4 4. Qh5 Nd6 5. Bb3 g6 6. Qxe5+ Qe7 7. d4 Nc6 8.
Qxe7+ Bxe7 9. Nf3 Nf5 10. d5 Ncd4 11. Nxd4 Nxd4 12. Be3 Nxb3 13. axb3 O-O 14.
Nb5 c6 15. Nc7 Rb8 16. Bxa7 1-0

[Event "chess.com SpeedChess Q2Sw"]
[Site "chess.com INT"]
[Date "2022.11.12"]
[Round "3"]
[White "Kleiman, Jake"]
[Black "Andreev, Konstantin"]
[Result "1-0"]
[WhiteTitle "IM"]
[BlackTitle "CM"]
[WhiteElo "2399"]
[BlackElo "2248"]
[WhiteFideId "2020041"]
[BlackFideId "24239305"]
[EventDate "2022.11.12"]

1. e4 c5 2. c3 d5 3. exd5 Qxd5 4. d4 Nc6 5. Nf3 Nf6 6. dxc5 Qxc5 7. Na3 a6 8.
Nc4 Nd7 9. Be3 Qh5 10. Be2 e6 11. Nfe5 Qh4 12. g3 Qf6 13. Nxc6 bxc6 14. Bf3 Nb8
15. Nb6 Ra7 16. Nxc8 Rd7 17. Qe2 c5 18. Nb6 1-0

[Event "chess.com SpeedChess Q2Sw"]
[Site "chess.com INT"]
[Date "2022.11.12"]
[Round "3"]
[White "Eynullayev, Altay"]
[Black "Quispe Arteaga, Gabriel"]
[Result "1-0"]
[WhiteTitle "FM"]
[BlackTitle "FM"]
[WhiteElo "2214"]
[BlackElo "2374"]
[WhiteFideId "13413562"]
[BlackFideId "32059809"]
[EventDate "2022.11.12"]

1. e4 c5 2. Nf3 d6 3. d4 cxd4 4. Nxd4 Nf6 5. Nc3 a6 6. g3 Bg4 7. f3 Bd7 8. Bg2
Nc6 9. Be3 g6 10. O-O Bg7 11. h3 O-O 12. f4 Rc8 13. Kh2 b5 14. a3 Na5 15. e5 Ne8
16. e6 fxe6 17. Bg1 Nc4 18. b3 Nb6 19. Ne4 Nd5 20. Ng5 Nc3 21. Qe1 Nc7 22. Qxc3 1-0

[Event "chess.com SpeedChess Q2Sw"]
[Site "chess.com INT"]
[Date "2022.11.12"]
[Round "3"]
[White "Salem, A.R. Saleh"]
[Black "Alekseenko, Kirill"]
[Result "1-0"]
[WhiteTitle "GM"]
[BlackTitle "GM"]
[WhiteElo "2677"]
[BlackElo "2687"]
[WhiteFideId "9301348"]
[BlackFideId "4135539"]
[EventDate "2022.11.12"]

1. d4 d5 2. c4 dxc4 3. e4 Nf6 4. e5 Nd5 5. Bxc4 Nb6 6. Bd3 Nc6 7. Ne2 Be6 8.
Nbc3 Qd7 9. O-O O-O-O 10. Be3 Nxe5 11. dxe5 Qxd3 12. Qc1 Qc4 13. b3 Qc6 14. Nd4
Qd7 15. Ncb5 Bd5 16. e6 fxe6 17. Bf4 Na8 18. Nxa7+ Kb8 19. Nab5 g5 20. Be5 Rg8
21. Qa3 b6 22. Rac1 1-0

[Event "chess.com SpeedChess Q2Sw"]
[Site "chess.com INT"]
[Date "2022.11.12"]
[Round "3"]
[White "Ankerst, Mihael"]
[Black "Liyanage, Ranindu Dilshan"]
[Result "1-0"]
[WhiteTitle "FM"]
[BlackTitle "FM"]
[WhiteElo "2370"]
[BlackElo "2331"]
[WhiteFideId "14602369"]
[BlackFideId "9915834"]
[EventDate "2022.11.12"]

1. e4 e5 2. Nf3 Nc6 3. Nc3 g6 4. d4 exd4 5. Nd5 h6 6. Nxd4 Bg7 7. Nb5 Be5 8. f4
Bd6 9. e5 Bb4+ 10. Bd2 Bxd2+ 11. Qxd2 Kf8 12. Nbxc7 Rb8 13. Nb5 Nge7 14. Nf6 d5
15. O-O-O Be6 16. Rg1 h5 17. Bd3 d4 18. Nd6 Qb6 19. Bc4 Bxc4 20. Nd7+ Kg7 21.
Nxb6 axb6 22. Nxc4 1-0